书目信息 |
| 题名: |
物业保险
|
|
| 作者: | 陆爱勤 编著 | |
| 分册: | ||
| 出版信息: | 上海 上海社会科学院出版社 2001.09 |
|
| 页数: | 206页 | |
| 开本: | 21cm | |
| 丛书名: | 物业管理丛书 | |
| 单 册: | ||
| 中图分类: | H840.69 , F840.69 | |
| 科图分类: | ||
| 主题词: | 物业管理--保险 , 物业管理 , 保险 | |
| 电子资源: | ||
| ISBN: | 7-80618-898-3 | |
| 000 | 00940nam2 2200289 45 | |
| 001 | 012003000000 | |
| 005 | 20050113152748.69 | |
| 010 | @a7-80618-898-3@dCNY 12.00 | |
| 100 | @a20031024d2001 em y0chiy0121 ea | |
| 101 | 0 | @achi |
| 102 | @aCN@b310000@b110000 | |
| 105 | @ay z 000yy | |
| 200 | 1 | @a物业保险@Awu ye bao xian@f陆爱勤编著 |
| 210 | @a上海@c上海社会科学院出版社@a北京@c高等教育出版社@d2001.09 | |
| 215 | @a206页@d21cm | |
| 225 | 2 | @a物业管理丛书 |
| 320 | @a本书含附录和参考书目(第175-206页) | |
| 330 | @a本书共分七章, 包括物业风险管理总论, 物业保险总论, 物业及其设备保险, 物业内置特定动产保险, 物业商务保险, 物业管理人员人身保险, 保险赔案争议的解决等。 | |
| 410 | 0 | @12001 @a物业管理丛书 |
| 606 | 0 | @a物业管理@x保险 |
| 606 | 0 | @a物业管理 |
| 606 | 0 | @a保险 |
| 690 | @aH840.69@v4 | |
| 690 | @aF840.69@v3 | |
| 701 | 0 | @a陆爱勤@Alu ai qin@4编著 |
| 801 | 0 | @aCN@bQSSKlj@c20050113 |
| 905 | @a10447@dF840.69@eL830 | |
| 物业保险/陆爱勤编著.-上海:上海社会科学院出版社;北京:高等教育出版社,2001.09 |
| 206页;21cm.-(物业管理丛书) |
| ISBN 7-80618-898-3:CNY 12.00 |
| 本书共分七章, 包括物业风险管理总论, 物业保险总论, 物业及其设备保险, 物业内置特定动产保险, 物业商务保险, 物业管理人员人身保险, 保险赔案争议的解决等。 |
| ● |
| 相关链接 |
|
|
|
正题名:物业保险
索取号:F840.69/L830
 
预约/预借
| 序号 | 登录号 | 条形码 | 馆藏地/架位号 | 状态 | 备注 |
| 1 | 436807 | 204368077 | 社科库409/409社科库 55排3列3层/ [索取号:F840.69/L830] | 在馆 | |
| 2 | 436808 | 204368086 | 社科库409/409社科库 55排3列3层/ [索取号:F840.69/L830] | 在馆 |